000 02045nam a2200409 c 4500
003 BLK
005 20231229170304.0
008 180408b bul|||||r ||||||| ||bul||
010 _aKNG00059652000
020 _a954-9813-31-2
_bиздат.: Свят 2001
040 _aBLK
041 _aBUL
_cBUL
080 _aГеополитика
_b327:911.3
_x(497.2)
_z327:911.3(497.2)
080 _aТранспорт като стопански отрасъл. Стопански аспекти на съобщенията. Политика в областта на транспорта. Вж и 654 ; 656
_b338.47
_x:91(497.2)
_z338.47:91(497.2)
100 1 _aДеведжиев, Марин Станчев
_eпърви автор
_9366415
139 _aДеведжиев, Марин Станчев
_bД 32
245 1 0 _aГеополитиката на България
_bШансове и проблеми
_cМарин Станчев Деведжиев.
250 _a2. прераб. и доп. изд.
257 _aBGR
260 София
_bСвят 2001
_c2006
_fСофия : Симолини
300 _a254 с.
_bс ил., к., табл.
_c20 см
380 _a3
500 _a1. изд. 2005 на Унив. изд. Св. Св. Кирил и Методий - В. Търново. - Съдържа и Българската геополитика / Тодор Кондаков ; Отзиви за ръвото изд. - Рез. на англ. ез. -Библиогр. след отд. гл.
650 4 _aГеополитика - България
_9273826
650 4 _aБългария - стопанска политика
_9269884
650 4 _aТранспорт - България
_9258336
653 _aгеополитика
653 _aБългария
653 _aстопанство
653 _aтранспорт
852 _aЦб 227708
856 4 _qpdf
_u
856 4 _qpdf
_u
942 _cKNG
_n0
_02
944 _aCR
_c30.05.2006
_k30546
_lРенета Константинова
944 _aED
_c23.08.2007
_k
999 _c55680
_d55680